000 00751nas a2200253 4500
001 BR9904405
003 BR-BrBNA
005 20231205101540.0
007 ta
008 230509b bl.|||p| |||| 00| 00por d
040 _aBR-BrBNA
_bpor
_cBiblioteca Nacional de Agricultura
041 _a(Pt)
072 _aF63
100 1 _aDomingues, E.T.
100 1 _aTulmann Neto, A.
100 1 _aTeofilo Sobrinho, J.
245 1 _aViabilidade do polen em variedades de laranja doce
650 _aLaranja
650 _aMelhoramento Genetico Vegetal
650 _aPolinizacao
773 0 _tScientia Agricola (Brazil)
_xISSN 0103-9016
_g(Apr-Jun 1999), v. 56(2) p. 269-272
_wBR9904405
909 _a202311
_bLúcia
_c55
_dLúcia Elande
942 _2AGRIS
_n0
_cANA
999 _c162463
_d162463